Responses for show #7961 - Monday, April 1, 2019

Steven Grade game 4.

Contestants

[<< previous game]

Reid Setzer, a public policy director from Washington, D.C.

Roberta Chapman, a tour guide from Alexandria, Virginia

Steven Grade, a sports industry consultant from Atlanta, Georgia (whose 3-day cash winnings total $64,200)

[next game >>]

Jeopardy! Round responses

AN APRIL TO REMEMBER
TV FUNNY BUSINESS
THE WORLD OF MONEY
CROSSWORD CLUES "Y"
AROUND THE BODY
IN PRISON
    $200 4
Coke

Steven
    $200 1
It's Always Sunny in Philadelphia

Steven
    $200 5
exports

Roberta
    $200 6
yodel

Steven
    $200 23
the dermis

Steven
    $200 15
good behavior

Reid
    $400 13
San Francisco

Reid
    $400 2
(Reid: What is America's Next Top Comic?)

Last Comic Standing

Reid
Triple Stumper
    $400 17
carbon

Reid
    $400 7
yellow

Reid
    $400 27
the diaphragm

Roberta
    $400 19
Venice

Steven
    $600 14
a strike

Steven
    $600 3
Nathan

Reid
    $1,400 24
(Alex: We have less than a minute to go in the round.)

gold

Steven
    $600 8
yeast

Reid
    $600 28
right atrium, left atrium, right ventricle and left ventricle

Steven
    $600 20
a shank

Roberta
    $800 16
the Fountain of Youth

Steven
    $800 10
Dave Chappelle

Reid
    $800 25
Switzerland

Steven
    $800 9
yeshiva

Steven
    $800 29
[The end-of-round signal sounds.]

the gluteus maximus

Steven
    $800 21
supermax

Reid
    $1000 18
(Steven: What is the Symbonese Liberation Army?)

the Symbionese Liberation Army

Steven
Triple Stumper
    $1000 11
(Steven: What is Disenchanted?)

Disenchantment

StevenRoberta
    $1000 26
the Nikkei

Steven
    $1000 12
a Yahoo

Triple Stumper
    $1000 22
Abu Ghraib

Reid

Scores at the first commercial break (after clue 15):

Steven Roberta Reid
$1,000 $1,200 $2,600

Scores at the end of the Jeopardy! Round:

Steven Roberta Reid
$6,000 $2,200 $4,800

Double Jeopardy! Round responses

THEY TURNED MY BOOK INTO A MOVIE
(Alex: You identify the author of each book for us.)
CLOTHING
DUEL PERSONALITIES
MOROCCO
MISCELLANY
MULTILINGUAL OVERLAPS
(Alex: Let me give you an example. "French hello and an English diary". The correct response would be, "What is a bonjournal?")
    $400 2
(Robert) Ludlum

Steven
    $400 1
a kilt

Reid
    $400 7
Alexander Hamilton

Steven
    $400 12
Arabic

Steven
    $400 13
handcuffs

Steven
    $400 14
Shanghaiku

Reid
    $800 3
(John) Grisham

Reid
    $800 25
hoops

Steven
    $800 8
Mussolini

Reid
    $800 18
Ramadan

Reid
    $800 15
(Roberta: What is a thermometer?)

a barometer

StevenRoberta
    $800 16
the macarenaissance

Steven
    $1200 4
(Nicholas) Sparks

Reid
    $1200 26
a sari

Reid
    $1200 9
(Jim) Bowie

Reid
    $2,600 19
Algeria

Reid
    $1200 17
(Paul) Simon

Reid
    $1200 24
glasnostalgia

Reid
    $1600 5
(Yann) Martel

Steven
    $1600 27
Dockers

Reid
    $1600 10
Handel

Reid
    $1600 20
the Atlas Mountains

Reid
    $1600 22
binge drinking

Roberta
    $1600 29
Interpoltergeist

Reid
    $2000 6
(Ian) McEwan

Steven
    $4,000 28
(Reid: What is birth?)

marriage

Reid
    $2000 11
(Alex: It was in the Senate.)

Congress

Reid
    $2000 21
a monarchy

Reid
    $2000 23
Denmark

Steven
    $2000 30
(Alex: It conjures up images, doesn't it?)
(Steven: My kind of place.)

smorgasbordello

Steven

Scores at the end of the Double Jeopardy! Round:

Steven Roberta Reid
$17,600 $3,000 $23,000

[wagering suggestions for these scores]

Final Jeopardy! Round responses

FICTIONAL CHARACTERS
(Alex: [To Steven] The Labours of Hercules, or Hercule.)
RobertaWho is ?
$2,995
StevenWho is Poirot?
$6,500
ReidWho is Sherlock Holmes?
$12,201
Hercule Poirot

Final scores:

Steven Roberta Reid
$24,100 $5 $10,799
4-day champion: $88,300 3rd place: $1,000 2nd place: $2,000

Game dynamics:

Coryat scores:

Steven Roberta Reid
$16,800 $3,000 $25,600
24 R
(including 1 DD),
2 W
5 R,
1 W
26 R
(including 1 DD),
2 W
(including 1 DD)

Combined Coryat: $45,400

The J! Archive is created by fans, for fans. The Jeopardy! game show and all elements thereof, including but not limited to copyright and trademark thereto, are the property of Jeopardy Productions, Inc. and are protected under law. This website is not affiliated with, sponsored by, or operated by Jeopardy Productions, Inc. Join the discussion at JBoard.tv.